000 01625nam0a2200325 4500
001 RU\NLR\bibl\1486915
005 20260405101356.0
021 _aRU
_b2010-4626
_9289
035 _a(NLR Aleph) 001478519
090 _a1688607
_c1688607
100 _a20100318d2009 |||y0rusy50 ca
101 0 _arus
_deng
102 _aRU
105 _aa |||||||||
200 1 _aПрименение метода дискретных источников для расчета импульсного электромагнитного скважинного зонда
_fМ.И. Эпов, В.Л. Миронов, К.В. Музалевский
210 _aКрасноярск
_cИнститут физики
_d2009
215 _a12 с.
_cил.
_d20
225 1 _aПрепринт
_fРос. акад. наук, Сиб. отд-ние, Ин-т физики им. Л.В. Киренского
_vN 849Ф
320 _aБиблиогр.: с. 11-12 (6 назв.)
606 1 _aНефтяные скважины
_xКаротаж электромагнитный высокочастотный
_xМатематическое моделирование
_92459936
_3RU\NLR\auth\661461802
686 _aД454.1-542.41в641.0
700 1 _4070
_7ca
_8rus
_aЭпов
_bМ. И.
_f1950-
_gМихаил Иванович
_920317
_3RU\NLR\AUTH\7737328
701 1 _aМиронов
_bВ. Л.
_gВалерий Леонидович
_4070
701 1 _aМузалевский
_bК. В.
_gКонстантин Викторович
_4070
801 0 _aRU
_bNLR
_c20100318
_gRCR
801 1 _aRU
_bNLR
_c20100318
942 _cBOOK
980 _aNB